La verdadera historia del cooperativismo boricua, 1800 a 1898 / (Registro nro. 13249)
[ vista simple ]
| 000 -CABECERA | |
|---|---|
| campo de control de longitud fija | 00739cam a2200205 a 4500 |
| 001 - NÚMERO DE CONTROL | |
| campo de control | 000013635 |
| 005 - FECHA Y HORA DE LA ÚLTIMA TRANSACCIÓN | |
| campo de control | 20200929163308.0 |
| 008 - DATOS DE LONGITUD FIJA--INFORMACIÓN GENERAL | |
| campo de control de longitud fija | 830816s1982 pr a 001 0 spa |
| 040 ## - FUENTE DE LA CATALOGACIÓN | |
| Centro catalogador/agencia de origen | DO-SdBNP |
| Lengua de catalogación | spa |
| Centro/agencia transcriptor | LC |
| Centro/agencia modificador | BNPHU |
| 050 00 - SIGNATURA TOPOGRÁFICA DE LA BIBLIOTECA DEL CONGRESO | |
| Número de clasificación | HD3464.A4 |
| Número de documento/Ítem | V37 1982 |
| 082 ## - NÚMERO DE LA CLASIFICACIÓN DECIMAL DEWEY | |
| Número de clasificación | 334/.097295 |
| Número de documento/Ítem | V288v |
| 049 ## - FONDOS LOCALES (OCLC) | |
| Fondos de biblioteca | BNGR |
| 100 1# - ENTRADA PRINCIPAL--NOMBRE DE PERSONA | |
| Nombre de persona | Varas, Jaime. |
| 9 (RLIN) | 31045 |
| 245 13 - MENCIÓN DE TÍTULO | |
| Título | La verdadera historia del cooperativismo boricua, 1800 a 1898 / |
| Mención de responsabilidad, etc. | Jaime Varas. |
| 260 ## - PUBLICACIÓN, DISTRIBUCIÓN, ETC. | |
| Lugar de publicación, distribución, etc. | Hato Rey, Puerto Rico : |
| Nombre del editor, distribuidor, etc. | Romallo Bros. Printing, |
| Fecha de publicación, distribución, etc. | 1982. |
| 300 ## - DESCRIPCIÓN FÍSICA | |
| Extensión | xvi, 803 p. : |
| Otras características físicas | il. ; |
| Dimensiones | 22 cm. |
| 650 #0 - PUNTO DE ACCESO ADICIONAL DE MATERIA--TÉRMINO DE MATERIA | |
| Término de materia o nombre geográfico como elemento de entrada | Cooperation |
| Subdivisión geográfica | Puerto Rico |
| Subdivisión general | History |
| Subdivisión cronológica | 19th century. |
| 9 (RLIN) | 31046 |
| 650 #0 - PUNTO DE ACCESO ADICIONAL DE MATERIA--TÉRMINO DE MATERIA | |
| Término de materia o nombre geográfico como elemento de entrada | Cooperative societies |
| Subdivisión geográfica | Puerto Rico |
| Subdivisión general | History |
| Subdivisión cronológica | 19th century. |
| 9 (RLIN) | 31047 |
| 910 ## - DATOS DE OPCIÓN DEL USUARIO (OCLC) | |
| Datos de opción del usuario | Catalogación por copia / LC |
| Estado de retiro | Estado de pérdida | Restricciones de uso | No para préstamo | Código de colección | Localización permanente | Ubicación/localización actual | Ubicación en estantería | Fecha de adquisición | Número de inventario | Total de préstamos | Signatura topográfica completa | Código de barras | Fecha visto por última vez | Precio válido a partir de | Tipo de ítem Koha |
|---|---|---|---|---|---|---|---|---|---|---|---|---|---|---|---|
| Préstamo interno | Monografías: Libros y Folletos | General | General | En catalogación | 26.11.2009 | LF1 | 334/.097295 V288v | 13635-10 | 25.06.2020 | 25.06.2020 | Préstamo interno |
